World resources : (Registro nro. 89)

Detalles MARC
000 -CABECERA
Campo de control 02190cas a2200385 a 4500
005 - FECHA Y HORA DE LA ULTIMA TRANSACCION
Campo de control 20160107091137.0
008 - ELEMENTOS DE LONGITUD FIJA—INFORMACION GENERAL
Campo de control 860127d19862011dcugr s 0 a0eng c
030 ## - CODEN DESIGNATION
CODEN WORSE9
040 ## - FUENTE DE CATALOGACIÓN
Agencia catalogadora original NSDP
Agencia transcriptora NSDP
Agencia Modificadora MH
-- DLC
-- NSDP
-- InU
-- MH
-- NST
-- MH
-- NST
-- DNAL
-- NST
-- MCM
-- WaU
-- NST
-- MH
-- NST
-- MH
-- DLC
-- N
-- DLC
-- MH
-- InU
-- MCM
-- MH
-- OCoLC
-- HkUST
-- InU
-- OCoLC
-- InU
-- NL-LeOCL
-- OCoLC
-- NYDRD
-- InU
-- CLU
-- MH
-- MdAN
-- CaQQL
-- OCoLC
-- NSDP
-- NWhpW
-- OCoLC
-- InU
-- UKMGB
-- InU
-- TULIB
-- OCoLC
-- MH-L
-- OCoLC
-- OCLCF
-- PSt
-- CO-BoIAVH
041 ## - IDIOMA
Código de idioma para texto/pista de sonido o título separado Inglés
-- Español
082 00 - NUMERO DE CLASIFICACION DECIMAL DEWEY
Número de clasificación 333.705
Número del ítem W92w
245 00 - MENCION DE TITULO
Título World resources :
Parte restante del título a report by the World Resources Institute and the International Institute for Environment and Development.
246 ## - FORMA VARIANTE DEL TITULO
Título propiamente dicho/forma breve del título Recursos Mundiales :
Parte restante del título Un informe del Instituto de Recursos Mundiales
260 ## - PUBLICACION, DISTRIBUCION, ETC. (PIE DE IMPRENTA)
Lugar de publicación, distribución, etc. New York :
Nombre del editor, distribuidor, etc. Basic Books,
Fecha de publicación, distribución, etc. c1986-
260 2# - PUBLICACION, DISTRIBUCION, ETC. (PIE DE IMPRENTA)
Lugar de publicación, distribución, etc. Oxford :
Nombre del editor, distribuidor, etc. Oxford University Press
Fecha de publicación, distribución, etc. .
260 2# - PUBLICACION, DISTRIBUCION, ETC. (PIE DE IMPRENTA)
Lugar de publicación, distribución, etc. Oxford :
Nombre del editor, distribuidor, etc. Elsevier Science
Fecha de publicación, distribución, etc. .
260 3# - PUBLICACION, DISTRIBUCION, ETC. (PIE DE IMPRENTA)
Lugar de publicación, distribución, etc. Washington, D.C. :
Nombre del editor, distribuidor, etc. World Resources Institute
Fecha de publicación, distribución, etc. .
300 ## - DESCRIPCION FISICA
Extensión volúmenes :
Otros detalles físicos ilustraciones ;
Dimensiones 28 x 22 cm.
310 ## - CURRENT PUBLICATION FREQUENCY
Date of current publication frequency 1988/89-
321 ## - FORMER PUBLICATION FREQUENCY
Former publication frequency Annual,
-- 1986-1987
505 ## - NOTA DE CONTENIDO
Nota de contenido Vol. 1 1992-1993<br/>Vol. 2 1996<br/>Vol. 3 1998-1999<br/>Vol. 4 2000-2001<br/>Vol. 5 2002-2004
650 #6 - ASIENTO SECUNDARIO DE MATERIA - TERMINO TEMATICO
Término temático o nombre geográfico como elemento de entrada Recursos Naturales
Subdivisión de forma Periódicas.
9 (RLIN) 47933
650 #0 - ASIENTO SECUNDARIO DE MATERIA - TERMINO TEMATICO
Término temático o nombre geográfico como elemento de entrada Economia histórica
Subdivisión cronológica 1971-1990
Subdivisión de forma Periódicas.
9 (RLIN) 47934
650 #0 - ASIENTO SECUNDARIO DE MATERIA - TERMINO TEMATICO
Término temático o nombre geográfico como elemento de entrada Economia histórica
Subdivisión cronológica 1990-
Subdivisión de forma Periódicas.
9 (RLIN) 47935
650 #6 - ASIENTO SECUNDARIO DE MATERIA - TERMINO TEMATICO
Término temático o nombre geográfico como elemento de entrada Recursos Naturales
9 (RLIN) 47936
650 #6 - ASIENTO SECUNDARIO DE MATERIA - TERMINO TEMATICO
Término temático o nombre geográfico como elemento de entrada Recursos Naturales
Subdivisión de forma Estadísticas
9 (RLIN) 47937
650 #6 - ASIENTO SECUNDARIO DE MATERIA - TERMINO TEMATICO
Término temático o nombre geográfico como elemento de entrada Indicadores ecológicos
Subdivisión de forma Periódicas.
9 (RLIN) 47938
710 2# - ASIENTO SECUNDARIO - NOMBRE CORPORATIVO
Nombre corporativo o de jurisdicción como elemento de entrada World Resources Institute.
9 (RLIN) 3765
710 2# - ASIENTO SECUNDARIO - NOMBRE CORPORATIVO
Nombre corporativo o de jurisdicción como elemento de entrada International Institute for Environment and Development.
9 (RLIN) 47521
710 2# - ASIENTO SECUNDARIO - NOMBRE CORPORATIVO
Nombre corporativo o de jurisdicción como elemento de entrada United Nations Environment Programme.
9 (RLIN) 8871
710 2# - ASIENTO SECUNDARIO - NOMBRE CORPORATIVO
Nombre corporativo o de jurisdicción como elemento de entrada United Nations Development Programme.
9 (RLIN) 9019
710 2# - ASIENTO SECUNDARIO - NOMBRE CORPORATIVO
Nombre corporativo o de jurisdicción como elemento de entrada World Bank.
9 (RLIN) 6725
942 ## - ELEMENTOS ADICIONALES (KOHA)
Sistema de clasificación Dewey Decimal Classification
Tipo de ítem Libro
Existencias
Withdrawn status Lost status Sistema de Clasificación Damaged status No para préstamo Colección Inventariado Ubicación Permanente Ubicación actual Fecha de adquisición Fuente de Valor Valor Total Checkouts Número topográfico Inventario / Código de Barras Date last seen Ejemplar Price effective from Forma de adquisición Tipo de material Public note
    Dewey Decimal Classification     General Inventariado 2017 Bogotá Bogotá 17/12/1997 Instituto 39000.00   LB-333.705 W92w 000108 04/12/2012 V. 2 Ej. 1 04/12/2012   Libro Texto en ingles 1994-1995
    Dewey Decimal Classification     General Inventariado 2017 Bogotá Bogotá 17/12/1997 Instituto 39000.00   LB-333.705 W92w 000109 04/12/2012 V. 2 Ej. 1 04/12/2012   Libro Texto en españo- 1994-1995
    Dewey Decimal Classification     General Inventariado 2017 Bogotá Bogotá 17/12/1997 Instituto 39000.00   LB-333.705 W92w 000110 04/12/2012 V. 5 Ej. 1 04/12/2012   Libro 2002-2004
    Dewey Decimal Classification     General Inventariado 2017 Bogotá Bogotá 17/12/1997 Instituto 39000.00   LB-333.705 W92w 000112 04/12/2012 V. 4 Ej. 1 04/12/2012   Libro 2000-2001
    Dewey Decimal Classification     General Inventariado 2017 Bogotá Bogotá 17/12/1997 Instituto 39000.00   LB-333.705 W92w 000113 04/12/2012 V. 4 Ej. 2 04/12/2012   Libro  
    Dewey Decimal Classification     General Inventariado 2017 Bogotá Bogotá 17/12/1997 Instituto 39000.00   LB-333.705 W92w 000115 04/12/2012 V. 1 Ej. 1 04/12/2012   Libro 1992-1993
    Dewey Decimal Classification     General Inventariado 2017 Bogotá Bogotá 04/12/2012 Instituto 39000.00   LB-333.705 W92w 018066 04/12/2012 V. 4 Ej. 1 04/12/2012   Libro Informe 2000-2001
    Dewey Decimal Classification     General Inventariado 2017 Bogotá Bogotá 02/07/2004 Instituto 39000.00   LB-333.705 W92w 016328 04/12/2012 V. 3 Ej. 1 04/12/2012   Libro 1995-99
    Dewey Decimal Classification     General Inventariado 2017 Sala Fabio Quevedo Sala Fabio Quevedo 17/12/1997 Instituto 39000.00   LB-333.705 W92w 000111 04/12/2012 V. 4 Ej. 2 04/12/2012   Libro Informe- 2000-2001
    Dewey Decimal Classification     General Inventariado 2017 Sala Fabio Quevedo Sala Fabio Quevedo 17/12/1997 Instituto 39000.00   LB-333.705 W92w 000114 04/12/2012 V. 3 Ej. 2 04/12/2012   Libro 1998-99
    Dewey Decimal Classification     General Inventariado 2017 Sala Fabio Quevedo Sala Fabio Quevedo 04/12/2012 Instituto 39000.00   LB-333.705 W92w 004868 04/12/2012 V. 4 Ej. 2 04/12/2012 Donación Libro 2000-2001